Visualizzazione normale
Vista MARC
- Calmeyn Marie Laetitia
di Personal Name
Records bibliografici associati: 3
001 - CONTROL NUMBER
- control field: 57724
003 - CONTROL NUMBER IDENTIFIER
- control field:
005 - DATE AND TIME OF LATEST TRANSACTION
- control field: 20190402150258.0
008 - FIXED-LENGTH DATA ELEMENTS
- fixed length control field: 190402|| aca||aabn | a|a d
040 ## - CATALOGING SOURCE
- Original cataloging agency:
- Transcribing agency:
100 ## - HEADING--PERSONAL NAME
- Personal name: Calmeyn Marie Laetitia
670 ## - SOURCE DATA FOUND
- Source citation: Work cat.: (): Calmeyn Marie Laetitia, Amoris Laetitia: discerner à la lumière de la parole de Dieu, 2016